000 00670nam a2200217 a 4500
999 _c7552
_d7552
001 7552
003 BD-JhCC
005 20180211165845.0
008 180211s 2002bg |||| |||| 000 0 ben d
035 _a(BD-JhCC)7552
040 _aBD-JhCC
_dBD-JhCC
041 _aben
082 _a581.95492
_bRAM 2002
100 _aরহমান, ডাঃ মোঃ শফিকুর
245 _aবাংলাদেশের গাছপালা /
_c ডাঃ মোঃ শফিকুর রহমান
260 _aঢাকা :
_bহাতেখড়ি,
_c2002.
300 _a80 p. :
_c21 cm.
650 _aBotany
_zBangladesh
942 _2ddc
_cBK